000 00664nam a22002057a 4500
003 UA-OsUOA
001 42167
007 ta
008 20081127b un ||||| |||| 00| 0 ukr d
090 _a94(477).094
_bА38
942 _cBR
040 _aUA-OsUOA
_bukr
_cUA-OsUOA
_dUA-OsUOA
245 _aАкадемія
_bУ 35-ті роковини геройської смерті генерала-хор. Тараса Чупринки-Шухевича головного командира УПА
300 _a30 с.
955 _a4
041 _aukr
080 _a94(477).094
650 7 _a9 Географія. Біографії. Історія
_2UDC
999 _c440665
_d440665